MARC details
| 000 -LEADER |
| fixed length control field |
01712cam a2200289Ia 4500 |
| 003 - CONTROL NUMBER IDENTIFIER |
| control field |
data |
| 005 - DATE AND TIME OF LATEST TRANSACTION |
| control field |
20260322212032.0 |
| 008 - FIXED-LENGTH DATA ELEMENTS--GENERAL INFORMATION |
| fixed length control field |
data |
| 020 ## - INTERNATIONAL STANDARD BOOK NUMBER |
| International Standard Book Number |
9780547237466 |
| 020 ## - INTERNATIONAL STANDARD BOOK NUMBER |
| International Standard Book Number |
0547237464 |
| 040 ## - CATALOGING SOURCE |
| Original cataloging agency |
BTCTA |
| Language of cataloging |
eng |
| Transcribing agency |
BTCTA |
| Modifying agency |
JRN |
| -- |
ZGX |
| -- |
RLS |
| -- |
BWX |
| -- |
HSA |
| -- |
HBP |
| -- |
JRN |
| 050 #4 - LIBRARY OF CONGRESS CALL NUMBER |
| Classification number |
PS3550 |
| 092 ## - LOCALLY ASSIGNED DEWEY CALL NUMBER (OCLC) |
| Classification number |
813 B464 2010 |
| 001 - CONTROL NUMBER |
| control field |
data |
| 245 04 - TITLE STATEMENT |
| Title |
The best American mystery stories 2010 / |
| Statement of responsibility, etc. |
edited by Lee Child & Otto Penzler. |
| 260 ## - PUBLICATION, DISTRIBUTION, ETC. |
| Place of publication, distribution, etc. |
Boston : |
| Name of publisher, distributor, etc. |
Houghton Mifflin Harcourt, |
| Date of publication, distribution, etc. |
c2010. |
| 300 ## - PHYSICAL DESCRIPTION |
| Extent |
xiv, 402 p. ; |
| Dimensions |
21 cm. |
| 490 1# - SERIES STATEMENT |
| Series statement |
Best American series. |
| 500 ## - GENERAL NOTE |
| General note |
"A Mariner book"-- T.p. |
| 505 00 - FORMATTED CONTENTS NOTE |
| Title |
Blood and dirt / |
| Statement of responsibility |
Ryan Zimmerman. |
| Title |
Charlie and the pirates / |
| Statement of responsibility |
Gary Alexander -- |
| Miscellaneous information |
The |
| Title |
Emerald Coast / |
| Statement of responsibility |
R. A. Allen -- |
| Miscellaneous information |
An |
| Title |
early Christmas / |
| Statement of responsibility |
Doug Allyn -- |
| Title |
Maynard / |
| Statement of responsibility |
Mary Stewart Atwell -- |
| Title |
Dredge / |
| Statement of responsibility |
Matt Bell -- |
| Miscellaneous information |
A |
| Title |
jury of his peers / |
| Statement of responsibility |
Jay Brandon -- |
| Title |
Designer justice / |
| Statement of responsibility |
Phyllis Cohen -- |
| Miscellaneous information |
The |
| Title |
cross-eyed bear / |
| Statement of responsibility |
John Dufresne -- |
| Miscellaneous information |
The |
| Title |
case of Colonel Warburton's madness / |
| Statement of responsibility |
Lyndsay Faye -- |
| Miscellaneous information |
The |
| Title |
first rule is / |
| Statement of responsibility |
Gar Anthony Haywood -- |
| Title |
Killing time / |
| Statement of responsibility |
Jon Land -- |
| Title |
Animal rescue / |
| Statement of responsibility |
Dennis Lehane -- |
| Title |
Tell me / |
| Statement of responsibility |
Lynda Leidiger -- |
| Miscellaneous information |
The |
| Title |
house on Pine Terrace / |
| Statement of responsibility |
Phillip Margolin -- |
| Title |
Bias / |
| Statement of responsibility |
Chris Muessig -- |
| Title |
Bismarck rules / |
| Statement of responsibility |
Albert Tucher -- |
| Title |
Ed Luby's key club / |
| Statement of responsibility |
Kurt Vonnegut -- |
| Title |
Custom sets / |
| Statement of responsibility |
Joseph Wallace -- |
| Miscellaneous information |
The |
| Title |
shipbreaker / |
| Statement of responsibility |
Mike Wiecek -- |
| Title |
Blood and dirt / |
| Statement of responsibility |
Ryan Zimmerman. |
| 520 ## - SUMMARY, ETC. |
| Summary, etc. |
Lee Child selects a variety of works of American mystery writing as the best of the genre from the year 2010. |
| 650 #0 - SUBJECT ADDED ENTRY--TOPICAL TERM |
| Topical term or geographic name entry element |
Detective and mystery stories, American. |
| 650 #0 - SUBJECT ADDED ENTRY--TOPICAL TERM |
| Topical term or geographic name entry element |
Short stories, American. |
| 700 1# - ADDED ENTRY--PERSONAL NAME |
| Personal name |
Child, Lee. |
| 700 1# - ADDED ENTRY--PERSONAL NAME |
| Personal name |
Penzler, Otto. |
| 830 #0 - SERIES ADDED ENTRY--UNIFORM TITLE |
| Uniform title |
Best American series. |